00000000nam 2200000zi 4500
0019.938562
003CaOODSP
00520250107133905
006m     o  d f      
007cr mn|||||||||
008240523e197912##onc     ob   f000 0 eng d
040 |aCaOODSP|beng|erda|cCaOODSP
043 |an-cn---
0861 |aId40-11/1979E-PDF
24504|aThe health care products industry : |bresearch and development in Canada.
2463 |aReview of Canadian research and development on health care products
264 1|aOttawa, Canada : |bSector Analysis Division, Chemicals Branch, Department of Industry, Trade and Commerce, |cDecember 1979.
300 |a1 online resource (27 pages)
336 |atext|btxt|2rdacontent
337 |acomputer|bc|2rdamedia
338 |aonline resource|bcr|2rdacarrier
500 |aIssued also in French under title: L'industrie des produits d'hygiène : la recherche et le développement au Canada.
500 |a"Background paper"--Cover.
500 |aDigitized edition from print [produced by Innovation, Science and Economic Development Canada].
504 |aIncludes bibliographical references (pages 26-27).
650 0|aDrugs|xResearch|zCanada.
650 0|aMedical instruments and apparatus|xResearch|zCanada.
650 0|aMedicine|xResearch|xGovernment policy|zCanada.
650 0|aMedicine|xResearch|zCanada|xFinance.
7101 |aCanada. |bIndustry, Trade and Commerce. |bChemicals Branch. |bSector Analysis Division, |eissuing body.
77508|tL'industrie des produits d'hygiène : |w(CaOODSP)9.946584
85640|qPDF|s664 KB|uhttps://publications.gc.ca/collections/collection_2025/isde-ised/Id40-11-1979-eng.pdf